Statistics for supergirl episodes

Click here to take the quiz!

General Stats

  • This quiz has been taken 17 times
    (8 since last reset)
  • The average score is 44 of 128

Answer Stats

seasonepisode title% Correct
Midvale
100%
1Pilot
100%
Alex
67%
Alex in wonderland
67%
All About Eve
67%
Bizzaro
67%
Fort Rozz
67%
Human for a Day
67%
It's a Super life
67%
Kara
67%
Livewire
67%
O Brother, Where Art Thou
67%
Reign
67%
Stronger Together
67%
Tremors
67%
Triggers
67%
Trinity
67%
Ace Reporter
33%
A few good women
33%
Ahimsa
33%
4American Alien
33%
American Dreamer
33%
Back from the Future part 1
33%
back From the future part 2
33%
Battles lost and won
33%
Better Angels
33%
Blood Bonds
33%
Blood Memory
33%
Blurred Lines
33%
Both Sides Now
33%
Bunker Hill
33%
Call to Action
33%
Changing
33%
Childish Things
33%
City of Lost children
33%
Confidence Women
33%
Crime and Punishment
33%
crossover with other dc charactersCrisis on Earth-X Part 1
33%
Crossfire
33%
Damage
33%
Dark side of the Moon
33%
Distant Sun
33%
Dream Weaver
33%
crossover with the FlashDuet
33%
5Event Horizon
33%
Exodus
33%
Falling
33%
Fallout
33%
Far from the Tree
33%
Fear Knot
33%
Fight or Flight
33%
For good
33%
For the Girl who has Everything
33%
3Girl of Steel
33%
Homecoming
33%
Hostile Takeover
33%
How does she do it?
33%
Immortal Kombat
33%
In Plain Sight
33%
In Search of Lost Time
33%
Legion of Superheroes
33%
Lost souls
33%
Luthors
33%
Make it Reign
33%
Manhunter
33%
Man of Steel
33%
Medusa
33%
Menagerie
33%
Mr & mrs Mxyzptlk
33%
Myriad
33%
Nevertheless, she Persisted
33%
Not Kansas
33%
of Two Minds
33%
Parasite Lost
33%
Prom Again!
33%
Prom Night!
33%
Rather the Fallen Angel
33%
Reality Bytes
33%
6Rebirth
33%
Red Dawn
33%
Red Faced
33%
Resist
33%
Schott Through the Heart
33%
Shelter from the Storm
33%
Solitude
33%
Stand and Deliver
33%
Star Crossed
33%
Still I Rise
33%
Stranger Beside Me
33%
Strange Visitor from another planet
33%
Supergirl Lives
33%
Survivors
33%
Suspicious Minds
33%
2The Adventures of Supergirl
33%
The Bodyguard
33%
The Bottle Episode
33%
The Darkest Place
33%
The Faithful
33%
The Fanatical
33%
The Gauntlet
33%
The House of L
33%
The Martian Chronicles
33%
The Missing Link
33%
The Wrath of Rama Khan
33%
Truth Justice and the American way
33%
Wake Up
33%
We Can Be Heroes
33%
welcome back Kara
33%
Welcome to Earth
33%
What's So Funny about Truth, Justice and the American Way
33%
Will the Real Miss Tessmacher Please Stand Up
33%
Worlds Finest
33%
Blind Spots
0%
as above, arrow, flash etcCrisis on Earth-X Part 2
0%
Crisis on Infinite Earths Part 1
0%
Dangerous Liaisons
0%
Deus ex Machina
0%
Elseworlds Part 3
0%
Hope for Tomorrow
0%
I Believe in a thing called Love
0%
Magical Thinking
0%
Mxy in the Middle
0%
Nightmare in National City
0%
Phantom Menaces
0%
Quest for Peace
0%
The last child of Krypton
0%
The Last Gauntlet
0%
Truth or consequences
0%

Score Distribution

Percentile by Number Answered

Percent of People with Each Score

Your Score History

You have not taken this quiz since the last reset